000 00422cam a22001217a 4500
008 180718b1966 xxu||||| |||| 00| 0 eng d
082 _aA81x54 In2/61/Vol 9/Pt 10 (iii)
100 _aCensus of India 1961
245 _aMadras: census tables and primary census abstract Madras city
260 _aDelhi
_bThe Manager of Publications
_c1966
300 _a669+p.
440 _aCensus of India 1961. Volume IX, Madras. Part X-(iii)
999 _c484275
_d484275